Statistiques concernant Quiz sur le Kenya

Cliquez ici pour prendre le quiz!

Statistiques générales

  • Ce quiz a été pris 5 095 fois
  • Le résultat moyen est 12 sur 20

Statistiques - réponses

QuestionRéponse% Correct
Pays européen qui a colonisé le KenyaRoyaume-Uni
93%
Capitale et ville la plus peupléeNairobi
92%
Pays frontaliersTanzanie
91%
Langues officiellesAnglais
89%
Pays frontaliersSomalie
88%
Pays frontaliersÉthiopie
87%
Président américain dont
le père est né au Kenya
Barack Obama
86%
Pays frontaliersOuganda
80%
Pays frontaliersSoudan du Sud
75%
Discipline olympique dans laquelle Eliud
Kipchoge détient le record du monde
Marathon
67%
Plus grand lac d'Afrique par la superficieLac Victoria
66%
Le Kenya en est le troisième producteur
mondial, après la Chine et l'Inde
Feuilles de {Thé}
53%
Point culminant du pays et deuxième
plus haut sommet d'Afrique
Mont Kenya
45%
Langues officiellesSwahili
44%
Ensemble de failles géologiques
qui traversent le Kenya
Vallée du
Grand {Rift}
34%
De nombreux touristes visitent le Masai
Mara afin d'observer la migration
annuelle de ces mammifères ongulés
Gnou
28%
Ville côtière la plus peupléeMombasa
25%
Devise monétaireShilling
19%
Ce qui a causé la mort d'une trentaine
d'ouvriers qui construisaient une route
au-dessus de la rivière Tsavo en 1898
Deux lions
18%
Révolte contre ce pays (1952 – 1960)Révolte des
{Mau} {Mau}
10%

Distribution des résultats

Percentile par nombre de réponses

% des personnes avec chaque résultat

Votre développement - résultats

Vous n’avez pas pris ce quiz